International logistics

Salvato in:
Dettagli Bibliografici
Natura: Libro
Lingua:inglese
Pubblicazione: New York AMACOM 2002
Edizione:2nd ed.
Soggetti:
Tags: Aggiungi Tag
Nessun Tag, puoi essere il primo ad aggiungerne!!

MARC

LEADER 00000nam$a2200000$$$4500
001 0026479
005 20221129101012.6
020 |a 0-8144-0666-1 
041 0 |a eng 
044 |a US 
245 1 0 |a International logistics 
250 |a 2nd ed. 
264 1 |a New York  |b AMACOM  |c 2002 
300 |a ix, 442 s. 
610 2 0 |a logistika 
610 2 0 |a logistika obchodná 
610 2 0 |a obchod medzinárodný 
610 2 0 |a preprava 
610 2 0 |a doprava námorná 
610 2 0 |a doprava lodná 
610 2 0 |a doprava letecká medzinárodná 
610 2 0 |a distribúcia 
610 2 0 |a záujmy verejné 
610 2 0 |a obrana štátu 
610 2 0 |a prístavy 
610 2 0 |a letiská 
610 2 0 |a spoločnosti obchodné 
610 2 0 |a spoločnosti dopravné 
610 2 0 |a platby obchodné 
610 2 0 |a poistenie